000 00648nam a22001697a 4500
005 2012041600180.0
020 _a812072562X
_c300.00
035 _aB-83901
037 _aDPL
_bENG
245 _aPopulation of the SAARC countries :
_bBio-cultural perspectives /
_cedited by Jayanta Sarkar and G.C. Ghosh
260 _aNew Delhi
_bSterling Publishers Pvt. Ltd
_c2003
300 _avii, 160p.
_c20 cms.
700 _aSarkar, Jayanta
_945149
700 _aGhosh, G.C.
_945150
942 _2ddc
_cEN
_h304.6
_mPOP
999 _c65039
_d65039